000
00250nam a22001097a 4500
082
_a
639.95 VAN,C
100
_a
VANDIVERT, W
_9
59530
245
_a
COMMON WILD ANIMALS AND THEIR YOUNG
260
_a
NEWYORK
_b
DELL
_c
1957
300
_a
126P
942
_c
BK
999
_c
569486
_d
569486